Novos Dicionários de Expressões Idiomáticas (Registo nº 179)

Detalhes MARC
000 -Etiqueta do registo
Cabeçalho 00856cam a2200313 4500
005 - Identificador da versão
Campo de controlo 20240813121756.0
095 ## -
-- PTBN00261295
010 ## - Número internacional normalizado dos livros (ISBN)
Número (ISBN) 9729230218
021 ## - Número do Depósito Legal
Código do país PT
Número 35286/90
035 ## - Other System Control Numbers
System Control Number 0000188
System Control Number 0000188
System Control Number 0000188
System Control Number 0000183
100 ## - Dados gerais de processamento
Dados gerais de processamento 19901017d1990 m y0pory5003 ba
102 ## - Pais de publicação ou produção
País de publicação Portugal
101 0# - Língua de publicação
Língua do texto, banda sonora, etc. Português
106 ## - Campo de dados codificados: material textual
Dados codificados do material textual r
105 ## - Campo de dados codificados: livros
Dados codificados dos livros y e 001yy
215 ## - Descrição física 
Indicação específica da natureza do documento e extensão da espécie XI, 463, [1] p.
Dimensões 25 cm
200 1# - Titulo e menção de responsabilidade
Título próprio Novos Dicionários de Expressões Idiomáticas
Primeira menção de responsabilidade António Nogueira Santos
210 ## - Publicação, Distribuição, etc. 
Lugar da edição, distribuição, etc. Lisboa
Nome do editor, distribuidor, etc. João Sá da Costa
Data da publicação, distribuição, etc. 1990
606 ## - Nome comum usado como assunto
Número de registo de entrada de autoridade 0000249
Palavra de ordem Língua portuguesa
Subdivisão de assunto Expressões idiomáticas
-- <[>Dicionários]
675 ## - Classificação Decimal Universal (CDU)
Notação 806.90-318(03)
Edição BN
Língua da edição por
700 ## - Nome de autor-pessoa física (responsabilidade principal)
Número de registo de entrada de autoridade 0000251
Palavra de ordem Santos
Outra parte do nome não tomada para palavra de ordem António Nogueira
Datas 1921-
942 ## - Elementos de entrada adicionados (Koha)
Tipo de item no Koha Livro
Exemplares
Situação do levantamento Origin of item (home branch) (coded) Biblioteca de empréstimo Código de barras Cota Circulation type (not for loan) Tipo de documento Nota do exemplar Damaged status
  Biblioteca Escolar Eng. Nuno Mergulhão Biblioteca Escolar Eng. Nuno Mergulhão BENM94 806 SAN   Cativo Sem mensagem